• 首页
  • 本馆介绍
  • 公告通知
  • 最新文献
  • 馆藏检索
  • 电子资源
  • 读者导购
  • 参考咨询
  • 我的图书馆
  • 登录
  • 详细信息显示
  • 放入我的书架
  • 预约/预借图书
  • 作者相关作品
  • 分类相关作品
  • 丛书相关作品
  • 出版社相关作品

书目信息

  • 表格格式
  • 工作单格式
  • 卡片格式
题名:
电路分析原理
    
 
作者: 吉三成 编
分册: 上册  
出版信息: 北京   高等教育出版社  1985
页数: 344页
开本: 20cm
丛书名:
单 册:
中图分类: TM133 , TM13
科图分类:
主题词: 电路分析--高等学校--教材 , 电路理论
电子资源:
ISBN:
000 00720nam0 2200277 45
001 0185020291
005 20040525090916.4
010    @dCNY2.25
091    @a15010.0614
100    @a19900923d1985 em y0chiy0121 ea
101 0  @achi
102    @aCN@b110000
105    @ay z 000yy
106    @ar
200 10 @a电路分析原理@Adian lu fen xi yuan li@h上册@f吉三成编
210    @a北京@c高等教育出版社@d1985
215    @a344页@d20cm
300    @a高等学校试用教材
606    @a电路分析@x高等学校@x教材
606 0  @a电路理论
690    @aTM133@v3
690    @aTM13@v3
701  0 @a吉三成@Aji san cheng@4编
801  0 @aCN@b深圳图书馆@c20040524
801  2 @aCN@bNLC@c20040524
905    @dTM13@e101:1@f1@b133968
    
    电路分析原理.上册/吉三成编.-北京:高等教育出版社,1985
    344页;20cm
    高等学校试用教材
    
    ISBN :CNY2.25
    
●
相关链接 在E读中查询图书 在五车中查询图书 在当当中查询图书 在豆瓣中查询图书


正题名:电路分析原理     索取号:TM13/101:1         预约/预借

序号 登录号 条形码 馆藏地/架位号 状态 备注
1 0133967   001343969   密集书库/ [索取号:TM13/101:1] 在馆    
2 0133968   001344003   密集书库/ [索取号:TM13/101:1] 在馆    
3 0133969   001343059   第三借阅区/ [索取号:TM13/101:1] 在馆    
4 0133970   001343095   密集书库/ [索取号:TM13/101:1] 在馆    
5 0133971   001343923   第二样本阅览室/ [索取号:TM13/101:1] 在馆    
唐山师范学院图书馆 欢迎您!
大连网信软件有限公司© 版权所有